Investigaciones sobre la sueroterapia en la tuberculosis / (Record no. 53963)

MARC details
000 -LEADER
campo de control de longitud fija 00717nam a2200181 i 4500
001 - NÚMERO DE CONTROL
campo de control 53963
003 - IDENTIFICADOR DE NÚMERO DE CONTROL
campo de control ES-MaACL
005 - FECHA Y HORA DE LA ÚLTIMA TRANSACCIÓN
campo de control 20230906162850.0
007 - CAMPO FIJO DE DESCRIPCIÓN FÍSICA--INFORMACIÓN GENERAL
campo de control de longitud fija t|
008 - DATOS DE LONGITUD FIJA--INFORMACIÓN GENERAL
campo de control de longitud fija 960709s1897 sp |||| | spa d
100 1# - ENTRADA PRINCIPAL--NOMBRE DE PERSONA
Nombre de persona Ferrán y Clúa, Jaime.
9 (RLIN) 50249
245 10 - MENCIÓN DEL TÍTULO
Título Investigaciones sobre la sueroterapia en la tuberculosis /
Mención de responsabilidad, etc. por J. Ferrán.
260 ## - PUBLICACIÓN, DISTRIBUCIÓN, ETC.
Lugar de publicación, distribución, etc. Barcelona :
Nombre del editor, distribuidor, etc. Laboratorio Microbiológico Municipal,
Fecha de publicación, distribución, etc. 1897 (
Fabricante Imp. y litografía Blasi)
300 ## - DESCRIPCIÓN FÍSICA
Extensión 12 p. ;
Dimensiones 22 cm.
650 14 - PUNTO DE ACCESO ADICIONAL DE MATERIA--TÉRMINO DE MATERIA
Término de materia o nombre geográfico como elemento de entrada Tuberculosis-
Subdivisión general Tratamiento.
9 (RLIN) 151845
710 2# - ENTRADA AGREGADA--NOMBRE DE ENTIDAD CORPORATIVA
Nombre de entidad corporativa o nombre de jurisdicción como elemento de entrada Laboratorio Microbiológico de Barcelona.
9 (RLIN) 5474
852 ## - LOCALIZACIÓN
Ubicación ES-MaACL
Número de control de estantería T-857-F-6
Nota libre - Enc. en un vol. facticio, conservando la enc. original
-- .- Dedicatoria autógrafa del autor
Holdings
Estatus retirado Estado de pérdida Fuente del sistema de clasificación o colocación Estado de daño No para préstamo Colección Biblioteca de origen Biblioteca actual Ubicación en estantería Fecha de adquisición Total de préstamos Signatura topográfica completa Código de barras Visto por última vez Precio de reemplazo Tipo de ítem Koha Nota pública
    Clasificación decimal universal     Colección de folletos Biblioteca del Ateneo de Madrid Biblioteca del Ateneo de Madrid Depósito folletos 17/01/2008   T-857-F-6 1056714 23/02/2023 23/02/2023 Folleto Dedicatoria autógrafa del autor